| 000 | 00344nam a2200133Ia 4500 | ||
|---|---|---|---|
| 008 | 220204s9999 xx 000 0 und d | ||
| 082 |
_a066.017 _bROS |
||
| 100 | _aAsimow, Robert | ||
| 245 | 0 | _aIntroduction to properties of materials | |
| 250 | _aEd.2 | ||
| 260 |
_aNew York _bVan Nostrand _c1971 |
||
| 700 | _aRosenthal, Daniel | ||
| 942 | _cBK | ||
| 999 |
_c23008 _d23008 |
||